000 00867aam a2200325a 44500
008 930106s1985 cat
017 _aV-1715-1985
020 _a845052251X
041 _acat
041 _bspa
080 _a51(038)
100 _aCliment Coloma, Joan Josep
_963985
245 _aVocabulari de les matemàtiques
245 _cJoan Josep Climent Coloma
260 _aValència
260 _bGeneralitat Valenciana. Conselleria de Cultura, Educació i Ciència. Gabinet d'Ús i Ensenyament del Valencià
260 _c1985
300 _a67 p.
_c23 cm
520 _a3600
591 _a338
592 _aObra terminològica
593 _aA
594 _a338
650 _amatemàtiques
_961806
901 _cDL <1985>
902 _a930106
942 _cMO
_n0
999 _c53496
_d53496